| 000 | 00879cab a2200253 4500 | ||
|---|---|---|---|
| 001 | WB3039-37 | ||
| 008 | 090401t1994 xxu||||| |||| 00| 0 eng d | ||
| 035 | _a(Sirsi) u71245 | ||
| 041 | _aeng | ||
| 245 | _aFreehold bargain | ||
| 260 | _c1994 | ||
| 350 | _a0 | ||
| 490 |
_aDaily Telegraph _v21 October 1994, 10(1) |
||
| 520 | _aThe leaseholders of a block of flats in Surrey have become the first to buy their freehold jointly in a contested action since the Leasehold Reform, Housing and Urban Development Act 1993 came into force. | ||
| 650 | _aACQUISITION | ||
| 650 | _aFREEHOLD PURCHASE | ||
| 650 | _aFREEHOLD | ||
| 650 | _aLEASEHOLD ENFRANCHISEMENT | ||
| 650 | _aLEASEHOLD REFORM, HOUSING AND URBAN DEVELOPMENT ACT 1993 | ||
| 650 | _aSOUTH EAST RENT ASSESSMENT PANEL | ||
| 690 | _aLANDLORD AND TENANT-LEASEHOLD REFORM | ||
| 942 | _n0 | ||
| 948 | _c04/03/1997 | ||
| 999 |
_c44889 _d44889 |
||